Statistics for NBA Players from Ohio State

Click here to take the quiz!

General Stats

  • This quiz has been taken 8 times
  • The average score is 9 of 45

Answer Stats

PositionPlayerDraft Year% Correct
PGMike Conley2007
88%
CGreg Oden2007
75%
SFKeita Bates-Diop2018
63%
SGD'Angelo Russell2015
63%
GFEvan Turner2010
63%
CHerb Williams1981
63%
GMichael Redd2000
63%
SGJim Jackson1992
50%
SFWardell Jackson1974
50%
CKen Johnson2001
50%
FClark Kellogg1982
38%
PFJim Smith1981
38%
GDerek Anderson1997
38%
FClinton Smith1986
38%
GFJohn Havlicek1962
38%
FCJerry Lucas1962
38%
CJared Sullinger2012
38%
CKosta Koufos2008
13%
PFLawrence Funderburke1994
13%
FCOthello Hunter2008
13%
CByron Mullens2009
13%
FChris Jent1992
0%
GMark Baker1992
0%
SGJordan Sibert2015
0%
GDaequan Cook2007
0%
CArnie RisenN/A
0%
GFDennis Hopson1987
0%
CGary Bradds1964
0%
GFDon Grate1947
0%
CNeil Johnston1948
0%
PFMike Schnittker1950
0%
GBob Donham1950
0%
FJoe Roberts1960
0%
GLarry Siegfried1961
0%
GMel Nowell1962
0%
PFBill Hosket1968
0%
FCBrad Sellers1986
0%
PFDave Sorenson1970
0%
SGJim Cleamons1971
0%
SFMark Minor1972
0%
CLuke Witte1973
0%
GKelvin Ransey1980
0%
GPaul Huston1947
0%
GFTony Campbell1984
0%
CGranville Waiters1983
0%

Score Distribution

Percentile by Number Answered

Percent of People with Each Score

Your Score History

You have not taken this quiz